00363nam a22001337a 450000500170000000800410001704000070005804100120006508200220007710000260009924500360012526000340016165000340019520241221103652.0241221b ||||| |||| 00| 0 eng d cAL aEnglish 223a348.04b EASS a Eastern Book Company aSupreme Court Cases 2006: Vol 4 aLucknowbEastern Book Company aMode of Citation (2006) 4 SCC